| 000 | 00786nam a22002057a 4500 | ||
|---|---|---|---|
| 999 |
_c2690 _d2690 |
||
| 003 | AR-CdUCM | ||
| 008 | 190305b ||||| |||| 00| 0 spa d | ||
| 040 |
_aMUNICIPALIDAD PROVINCIAL DEL CUSCO _cBIBLIOTECA MUNICIPAL DEL CUSCO |
||
| 082 |
_a343.273 / _bG31 |
||
| 100 |
_aGaviola, Carlos A. _95985 |
||
| 245 | _aEl Poder de la Suprema Corte de los Estados Unidos : | ||
| 260 |
_aBuenos Aires : _bTipografica Editora Argentina, _c1965. |
||
| 300 |
_a218 paginas ; _c23cm. |
||
| 505 | _aContenido- La justicia bajo el common law -- El common law en los estados unidos -- Confederación y convención constituyente -- Fuentes del derecho federal... | ||
| 650 |
_aPoder Supremo _99446 |
||
| 650 |
_aEstados Unidos _92115 |
||
| 650 |
_aLeyes _94808 |
||
| 942 |
_2ddc _cLIBROS |
||
| 945 | _apjha | ||